ბათუმის შოთა რუსთაველის სახელმწიფო უნივერსიტეტის ბიბლიოთეკა

წმინდა დიმიტრი თესალონიკელი ; წმინდა მოწამე ვასილისკო ;წმინდა მოწამე ლუკია ; წმინდა ალექსანდრე რომაელი ; სხვადასხვა დროის მოწამე დედანი და მამანი / (ბიბ.ჩანაწერი № 54073)

000 -ლიდერი
ფიქსირებული სიგრძის საკონტროლო ველი 02344nam a2200301Ia 4500
001 - საკონტროლო ნომერი
საკონტროლო ველი 21127
003 - საკონტროლო ნომრის იდენტიფიკატორი
საკონტროლო ველი GE_BSU
005 - ბოლო ოპერაციის თარიღი და დრო
საკონტროლო ველი 20250307165759.0
008 - ფიქსირებული სიგრძის მონაცემთა ელემენტები - ზოგადი ინფორმაცია
ფიქსირებული სიგრძის საკონტროლო ველი 181216s2016||||ge |||||||||||||| ||geo||
040 ## - კატალოგიზაციის წყარო
Transcribing agency GE_BSU
041 ## - ენის კოდი
Language code of text/sound track or separate title geo
080 ## - უნივერსალური ათობითი კლასიფიკაციის ინდექსი
Universal Decimal Classification number 27-36 წ-71
245 ## - ცნობა სათაურის შესახებ
Title წმინდა დიმიტრი თესალონიკელი ; წმინდა მოწამე ვასილისკო ;წმინდა მოწამე ლუკია ; წმინდა ალექსანდრე რომაელი ; სხვადასხვა დროის მოწამე დედანი და მამანი /
Statement of responsibility, etc შემდგენელი მანანა ტუაევა ; გარეკანის დიზაინი რატი თორდია.
264 ## - წარმოების, გამოცემის, დისტრიბუციის და სხვა ცნობები
გამოცემის, წარმოების, დისტრიბუციის... ადგილი თბილისი :
გამოცემის, წარმოების, დისტრიბუციის... სახელწოდება პალიტრა L,
გამოცემის, წარმოების, დისტრიბუციის... თარიღი 2016.
300 ## - ფიზიკური აღწერა
Extent 200 გვ. ;
Dimensions 20სმ.
490 ## - სერიის ცნობა
Series statement საქართველოს იმედი II : ყველა წმინდანი, რომელთა შესახებაც უნდა იცოდე, 2298-0547 / პროექტის რედაქტორი თამარ მამაცაშვილი ;
Volume number/sequential designation წიგნი 49
500 ## - ზოგადი შენიშვნა
General note იბეჭდება სრ. საქართველოს კათოლიკოს-პატრიარქის, უწმინდესისა და უნეტარესის ილია II-ის ლოცვა-კურთხევით
504 ## - BIBLIOGRAPHY, ETC. NOTE
Bibliography, etc ბიბლიოგრ. : გვ. 191
653 ## - INDEX TERM--UNCONTROLLED
Uncontrolled term რელიგია
653 ## - INDEX TERM--UNCONTROLLED
Uncontrolled term წმინდა დიმიტრი თესალონიკელი
653 ## - INDEX TERM--UNCONTROLLED
Uncontrolled term წმინდა მოწამე ვასილისკო
653 ## - INDEX TERM--UNCONTROLLED
Uncontrolled term წმინდა მოწამე ლუკია
653 ## - INDEX TERM--UNCONTROLLED
Uncontrolled term სხვადასხვა დროის მოწამე დედანი და მამანი
700 ## - ADDED ENTRY--PERSONAL NAME
Personal name ტუაევა, მანანა
Relator term შემდგენელი
9 (RLIN) 24491
700 ## - ADDED ENTRY--PERSONAL NAME
Personal name მამაცაშვილი, თამარ
Relator term პროექტის რედაქტორი
9 (RLIN) 24492
700 ## - ADDED ENTRY--PERSONAL NAME
Personal name თორდია, რატი
Relator term დიზაინერი
9 (RLIN) 17902
942 ## - ADDED ENTRY ELEMENTS (KOHA)
Koha item type წიგნი
Source of classification or shelving scheme
ეგზემპლარები
ჩამოწერის სტატუსი დაკარგული ეგზემპლარის სტატუსი კლასიფიკაციის წყარო ან თაროზე გაწყობის სქემა დაზიანების სტატუსი არ გაიცემა მუდმივი მდებარეობა (დაცვის ადგილი) ამჟამინდელი ადგილსამყოფელი თაროზე განთავსების ადგილი შეძენის თარიღი ღირებულება, შესყიდვის ნორმალური ფასი სრული შენახვის შიფრი შტრიხკოდი ბოლო ოპერაციის თარიღი ეგზემპლარის მიმდევრობითი ნომერი (კეტერი?) ფასის ძალაში შესვლის თარიღი ეგზემპლარის სახეობა საჯარო შენიშვნა
          ბათუმის შოთა რუსთაველის სახელმწიფო უნივერსიტეტის მთავარი ბიბლიოთეკა ბათუმის შოთა რუსთაველის სახელმწიფო უნივერსიტეტის მთავარი ბიბლიოთეკა წიგნსაცავი 2018-12-17 2.00 27-36 წ-71 27785 2018-12-17 27785 2018-12-17 წიგნი 2.00 ₾.